Writing in English: Book 1
v..v
Đã lưu trong:
| Tác giả chính: | |
|---|---|
| Định dạng: | Sách |
| Năm xuất bản: |
Ý:
Macmillan,
1991.-
|
| Chủ đề: | |
| Tags: |
Thêm thẻ
Không có thẻ, Hãy là người đầu tiên gắn thẻ bản ghi này!
|
| LEADER | 00479nam a2200145 4500 | ||
|---|---|---|---|
| 082 | |a 421 |b P311C | ||
| 100 | |a Pincas Anita | ||
| 245 | |a Writing in English: |c Anita Pincas,Kate Allen |b Book 1 | ||
| 260 | |a Ý: |b Macmillan, |c 1991.- | ||
| 300 | |a 62tr; |c 27cm | ||
| 520 | |a v..v | ||
| 653 | |a Tiếng Anh - Cách viết | ||
| 942 | |2 ddc |c SH | ||
| 999 | |c 5518 |d 5518 | ||
| 952 | |0 0 |1 0 |2 ddc |4 0 |6 421_000000000000000_P311C |7 0 |8 400 |9 51499 |a qbu |b qbu |c D4 |d 2014-12-25 |o 421 P311C |p 2577.c1 |r 0000-00-00 |w 2014-12-25 |y SH | ||